Statistiques concernant Drapeaux d'Amerique quiz

Cliquez ici pour prendre le quiz!

Statistiques générales

  • Ce quiz a été pris 4,019 fois
  • Le résultat moyen est 20 sur 35

Statistiques - réponses

Answer % Correct
Canada
100%
Etats-Unis
98%
Brésil
97%
Mexique
96%
Jamaïque
93%
Argentine
91%
Colombie
85%
Uruguay
81%
Venezuela
77%
Cuba
71%
Chili
67%
Équateur
67%
Panama
65%
Pérou
57%
Barbade
56%
Honduras
53%
Costa Rica
50%
Guatemala
46%
Paraguay
46%
Nicaragua
44%
Trinité-et-Tobago
43%
République dominicaine
42%
Haïti
41%
Sainte-Lucie
39%
Belize
38%
Salvador
38%
Bahamas
38%
Bolivie
34%
Antigua-et-Barbuda
34%
Suriname
33%
Guyana
31%
Dominique
29%
Grenade
29%
Saint-Christophe- et-Niévès
28%
Saint-Vincent-et-les- Grenadines
27%

Distribution des résultats

Percentile by Number Answered

% des personnes avec chaque résultat

Votre développement - résultats

Vous n’avez pas pris ce quiz